000 01273nam0a2200301 i 4500
001 RU\NLR\bibl\1973304
005 20260405060030.0
010 _a9785940673583
_9150
035 _a(NLR Aleph) 001962117
090 _a3839810
_c3839810
100 _a20121129d2012 u y0rusy50 ca
101 0 _arus
102 _aRU
105 _ay |||||||||
200 1 _aИнтеллектуальные традиции в прошлом и настоящем
_e(исследования и переводы)
_fсост. и общ. ред. М.С. Петровой
210 _aМосква
_cИВИ
_d2012
215 _a287 с.
_cил., цв. ил.
_d21
320 _aБиблиогр. в конце материалов
606 _aОбщественные науки
_jСборники
_91112139
_3RU\NLR\auth\66119728
606 _aМировая литература
_xТрадиции и новаторство
_91647948
_3RU\NLR\auth\66729204
686 _aС.я43
686 _aШ5(0)-31
702 1 _4220
_8rus
_7ca
_aПетрова
_bМ. С.
_cканд. ист. наук
_gМайя Станиславовна
_3RU\NLR\auth\7719413
_92485
801 0 _aRU
_bNLR
_c20121129
_gRCR
801 1 _aRU
_bNLR
_c20121129
942 _cBOOK
980 _aNBR